Информационная система сопровождения деятельности ООО "Дилер Группа МИР-Сибирь" по обеспечению пожарной безопасности предприятий; Прогрессивные технологии и экономика в машиностроении

Dettagli Bibliografici
Parent link:Прогрессивные технологии и экономика в машиностроении.— 2015.— [С. 297-299
Autore principale: Скроботов А. С.
Ente Autore: Национальный исследовательский Томский политехнический университет (ТПУ) Юргинский технологический институт (филиал) (ЮТИ) Кафедра информационных систем (ИС)
Altri autori: Фисоченко О. Н. Оксана Николаевна (научный руководитель)
Riassunto:Заглавие с экрана
Lingua:russo
Pubblicazione: 2015
Serie:Автоматизация и информатизация на производстве и в образовательном процессе
Soggetti:
Accesso online:http://earchive.tpu.ru/handle/11683/17668
http://www.lib.tpu.ru/fulltext/c/2015/C57/125.pdf
Natura: MixedMaterials Elettronico Capitolo di libro
KOHA link:https://koha.lib.tpu.ru/cgi-bin/koha/opac-detail.pl?biblionumber=611822

MARC

LEADER 00000naa2a2200000 4500
001 611822
005 20260417100802.0
035 |a (RuTPU)RU\TPU\conf\9669 
035 |a RU\TPU\conf\9667 
090 |a 611822 
100 |a 20150421d2015 k y0rusy50 ca 
101 0 |a rus 
102 |a RU 
135 |a drgn ---uucaa 
181 0 |a i  
182 0 |a b 
200 1 |a Информационная система сопровождения деятельности ООО "Дилер Группа МИР-Сибирь" по обеспечению пожарной безопасности предприятий  |f А. С. Скроботов  |g науч. рук. О. Н. Фисоченко 
203 |a Текст  |c электронный 
215 |a 1 файл(330 Кб) 
225 1 |a Автоматизация и информатизация на производстве и в образовательном процессе 
300 |a Заглавие с экрана 
320 |a [Библиогр.: с. 299 (5 назв.)] 
337 |a Adobe Reader 
463 1 |0 (RuTPU)RU\TPU\conf\9525  |t Прогрессивные технологии и экономика в машиностроении  |o сборник трудов VI Всероссийской научно-практической конференции для студентов и учащейся молодежи, 9-11 апреля 2015 г., Юрга  |f Национальный исследовательский Томский политехнический университет (ТПУ), Юргинский технологический институт (ЮТИ) ; под ред. Д. А. Чинахова  |v [С. 297-299  |d 2015 
610 1 |a электронный ресурс 
610 1 |a труды учёных ТПУ 
610 1 |a информационные системы 
610 1 |a пожарная безопасность 
610 1 |a предприятия 
700 1 |a Скроботов  |b А. С. 
702 1 |a Фисоченко  |b О. Н.  |c специалист в области информатики и вычислительной техники  |c старший преподаватель Юргинского технологического института (филиала) Томского политехнического университета  |f 1977  |g Оксана Николаевна  |4 727 
712 0 2 |a Национальный исследовательский Томский политехнический университет (ТПУ)  |b Юргинский технологический институт (филиал) (ЮТИ)  |b Кафедра информационных систем (ИС)  |3 (RuTPU)RU\TPU\col\18893 
801 1 |a RU  |b 63413507  |c 20101016 
801 2 |a RU  |b 63413507  |c 20210212  |g RCR 
856 4 |u http://earchive.tpu.ru/handle/11683/17668 
856 4 |u http://www.lib.tpu.ru/fulltext/c/2015/C57/125.pdf 
942 |c BK